| 000 | 00569nam a22001937a 4500 | ||
|---|---|---|---|
| 003 | CEME | ||
| 005 | 20210628204158.0 | ||
| 008 | 210105b xxu||||| |||| 00| 0 eng d | ||
| 020 | _a9780070677470 | ||
| 040 | _cceme | ||
| 082 | _a363.12 KRA | ||
| 100 |
_aKrause, Shari Stamford _969135 |
||
| 245 | _aAircraft safety, accident investigations, analyses and applicaitons | ||
| 250 | _a2ND | ||
| 260 |
_aNEW DELHI _bMCGRAW HILL _c2003 |
||
| 300 | _aXI, 483P | ||
| 650 |
_aAIRCRAFT SAFETY.AIRCRAFTACCIDENTS.AIRCRAFT ACCIDENT INVESTIGATIONS, _969136 |
||
| 942 |
_cBK _2ddc |
||
| 999 |
_c576531 _d576531 |
||